000 00694nam a2200181Ia 4500
008 151202s9999||||xx |||||||||||||| ||und||
082 _bPNVM-39725
100 _aमंगळूरकर नारायण.
245 _aसंगीत शास्त्र विजयिनी.
260 _b"विजया मंगरुळकर,नागपूर."
260 _c1992
300 _a226
600 _aमंगळूरकर नारायण.
630 _aसंगीत शास्त्र विजयिनी.
700 _aमंगळूरकर नारायण.
730 _aसंगीत शास्त्र विजयिनी.
942 _cBOOK
999 _c1305677
_d1305674